載入...

Motivation and emotion a survey of the determinants of human and animal activity.

書目詳細資料
主要作者: Young, Paul Thomas
格式: Printed Book
語言:English
出版: New York John wiley & Sons 1961
主題:
LEADER 00564cam a22001571 4500
005 20151215125109.0
008 730102s1961 nyua b 000 0 eng
082 0 0 |a 658.314  |b YOU 
100 1 |a Young, Paul Thomas  |9 5432 
245 0 0 |a Motivation and emotion  |b a survey of the determinants of human and animal activity. 
300 |a xxiv, 648p. 
653 |a Motivation 
942 |c BK  |6 _ 
260 |a New York  |b John wiley & Sons  |c 1961 
999 |c 97155  |d 97155 
952 |0 0  |1 0  |2 ddc  |4 0  |6 658314_YOU  |7 0  |9 122496  |a SMS  |b SMS  |c GEN  |d 2009-10-27  |o 658.314 YOU  |p SMS002652  |r 2009-10-27  |w 2009-10-27  |y BK